000 02130nam a22003017a 4500
008 230131s2021 xxk|||||o|||| 00| 0 eng d
020 _a9781783214426
041 _aeng
110 _aRoyal Institution of Chartered Surveyors
245 _aEarth observation and aerial surveys
_bGlobal RICS Guidance Note
_h[Electronic resource]
260 _aLondon,
_bRoyal Institution of Chartered Surveyors,
_c2021
300 _a72p.
490 _aRICS guidance note
490 _aRICS Professional Standard
520 _aEffective from 4 January 2022.
520 _aThis guidance note is intended for use by land, sea, engineering and environmental professionals who are acting in an advisory capacity, and by survey-knowledgeable clients who specify their own surveys. It is also intended to be used by earth observation and aerial survey specialists.
520 _aThis guidance note incorporates a full revision of Vertical aerial photography and digital imagery (5th edition), RICS guidance note. New sections on LiDAR and hyperspectral, bathymetric LiDAR, multispectral and thermal imaging systems have been added. The following topics are covered in this guidance note: Pre-project considerations, including the different data capture platforms available and planning requirements The techniques of aerial photography, LiDAR, sensing in the non-visible part of the electromagnetic spectrum and earth observation Future developments in earth observation and aerial survey techniques.
520 _aThis document was reissued in January 2023 as a professional standard. It was previously published in September 2021 as a guidance note. The regulatory requirements remain the same
650 _aGeospatial
650 _aAerial Photography
650 _aAerial Surveys
651 _aInternational
690 _96243
_aGeospatial
700 _aJamieson, Allan
710 _aRoyal Institution of Chartered Surveyors
856 _uhttps://www.rics.org/profession-standards/rics-standards-and-guidance/sector-standards/land-standards/earth-observation-and-aerial-surveys
_zAvailable free on RICS.org
942 _n0
999 _c121344
_d121344